| 000 | 00582nam a2200205 a 4500 | ||
|---|---|---|---|
| 001 | 5978 | ||
| 003 | CDMR | ||
| 005 | 20131009133755.0 | ||
| 008 | 130220s1976||||||||||||||||||||||||||||d | ||
| 020 | _a8473060687 | ||
| 040 |
_aCDMR _bcat _cCDMR |
||
| 100 | 1 |
_aBusquets Molas, Esteve _957 |
|
| 245 | 1 | 0 |
_aQuaranta anys de periodisme barceloní _cEsteve Busquets i Molas |
| 260 |
_aBarcelona _bPòrtic _c1976 |
||
| 300 |
_a426 p ; _c17 cm |
||
| 490 | 0 |
_aMemòries (Pòrtic) _v21 |
|
| 650 | 0 | 4 |
_aPeriodistes catalans _vBiografia _93139 |
| 650 | 0 | 4 |
_aPremsa _91509 _zBarcelona |
| 942 |
_cMON _2udc |
||
| 999 |
_c5978 _d5978 |
||